La educación del futuro según Mcluhan

Guardat en:
Dades bibliogràfiques
Autor principal: Lima, Lauro de Oliveira (autor)
Format: Llibre
Idioma:espanyol
Publicat: Río de Janeiro Vozes 1971
Col·lecció:Colección Lenguaje Total, 4
Matèries:
Etiquetes: Afegir etiqueta
Sense etiquetes, Sigues el primer a etiquetar aquest registre!

MARC

LEADER 00000nam a2200000 a 4500
001 UCY8060
003 CL-VaPUC
008 950623e19710000BL |||||||||||||||||spa|d
082 0 4 |a 303.49  |b LIM  |2 21 
100 |a Lima, Lauro de Oliveira  |e autor  |9 339153 
245 1 3 |a La educación del futuro según Mcluhan 
300 |a 66 p 
942 |c BK 
945 |d 19950623 00:00:00  |a cmena 
260 |a Río de Janeiro  |b Vozes  |c 1971 
650 0 |a Educación  |9 258661 
650 0 |a Predicción   |9 334578 
650 7 |a FUTUROLOGIA  |2 CL-VaPUC  |9 328866 
650 0 |a Medios de comunicación de masas  |9 257273 
650 0 |a Influencia social  |9 309315 
650 0 |a Enseñanza  |9 256457 
650 0 |a Planificación de la educación   |9 307333 
583 |a last modification  |c 19950623 00:00:00  |k Rodrigo Vera 
490 0 |a Colección Lenguaje Total, 4 
999 |c 235343  |d 235341 
952 |0 0  |1 0  |4 0  |6 303_490000000000000_LIM_1971  |7 0  |8 P  |9 242707  |a BIBEDU  |b BIBEDU  |c BIBEDU_PB  |d 2019-11-18  |i 1521969  |o 303.49 LIM 1971  |p 1521969  |r 2024-01-25  |w 2019-11-18  |y BK  |k EDU 
952 |0 0  |1 0  |4 0  |6 303_490000000000000_LIM_1971  |7 0  |8 P  |9 242708  |a BIBEDU  |b BIBEDU  |c BIBEDU_PB  |d 2019-11-18  |i 1521977  |o 303.49 LIM 1971  |p 1521977  |r 2024-01-25  |w 2019-11-18  |y BK  |k EDU